[Event "ICS rated blitz match"]
[Site "207.99.83.227"]
[Date "1999.04.18"]
[Round "?"]
[White "matar"]
[Black "Hossa"]
[Result "0-1"]
[WhiteElo "2394"]
[BlackElo "2472"]
[PlyCount "60"]

1. e4 d6 2. d4 Nf6 3. Nc3 Nbd7 4. Nf3 e5 5. Be2 Be7 6. O-O O-O 7. a4 c5 8. dxe5
dxe5 9. b3 Qc7 10. Bb2 Rd8 11. Qe1 Qd6 12. Nb5 Qc6 13. Nxe5 Nxe5 14. Bxe5 Qxe4
15. Bf3 Qxc2 16. Nc7 Rb8 17. Nb5 Ra8 18. Bc7 Re8 19. Bg3 Bd8 20. Qc1 Qxb3 21.
Qxc5 Bb6 22. Qc1 Re7 23. Re1 Re6 24. Ra3 Rxe1+ 25. Qxe1 Qb2 26. Rd3 Bd7 27. Rd2
Qb4 28. Be5 Ba5 29. Bxf6 Re8 30. Qd1 30... Qxd2 {matar resigns} 0-1

[Event "ICS rated blitz match"]
[Site "207.99.83.227"]
[Date "1999.04.18"]
[Round "?"]
[White "matar"]
[Black "Hossa"]
[Result "0-1"]
[WhiteElo "2371"]
[BlackElo "2495"]
[PlyCount "46"]

1. e4 d6 2. d4 Nf6 3. Nc3 Nbd7 4. Nf3 e5 5. Be2 Be7 6. O-O O-O 7. a4 c5 8. dxe5
dxe5 9. b3 Qc7 10. Bb2 Rd8 11. Qe1 Nf8 12. Nb5 Qc6 13. Nxe5 Qxe4 14. Bc4 Ne6
15. Qxe4 Nxe4 16. Rfe1 Nd2 17. Bxe6 fxe6 18. Rad1 Bg5 19. Bc3 a6 20. Nc7 Rb8
21. h4 Bf4 22. Rxd2 Bxd2 23. Rd1 23... Bg5 {matar resigns} 0-1

[Event "ICS rated blitz match"]
[Site "207.99.83.227"]
[Date "1999.04.18"]
[Round "?"]
[White "Hossa"]
[Black "matar"]
[Result "0-1"]
[WhiteElo "2506"]
[BlackElo "2360"]
[Annotator "Crafty v16.6"]
[PlyCount "71"]

{annotating for player ossa  using a scoring margin of +0.10 pawns.  search
time limit is 10.00} 1. e4 1... c5 2. Bc4 e6 3. Nc3 Nc6 4. Nf3 Nf6 5. O-O d5 6.
exd5 exd5 7. Bb5 Bd6 8. Re1+ Be6 9. Ng5 O-O 10. Bxc6 bxc6 11. Nxe6 fxe6 12.
Rxe6 Qd7 13. Re2 Ng4 14. h3 Nh2 15. d3 Nf3+ 16. gxf3 Qxh3 17. f4 Rf6 18. Re3
Rg6+ 19. Rg3 Rxg3+ 20. fxg3 Qxg3+ 21. Kf1 Rf8 22. Ne2 Qf3+ 23. Ke1 h5 24. c4 d4
25. b3 Re8 26. Rb1 h4 27. Kd2 h3 28. Bb2 Qe3+ 29. Kc2 Qxe2+ 30. Qxe2 Rxe2+ 31.
Kd1 Rg2 32. Bc1 h2 33. Bd2 h1=Q+ 34. Kc2 Qh2 35. Rd1 Bxf4 36. Kb1 0-1

[Event "ICS rated blitz match"]
[Site "207.99.83.227"]
[Date "1999.04.18"]
[Round "?"]
[White "AntonioBanderas"]
[Black "Hossa"]
[Result "0-1"]
[WhiteElo "2027"]
[BlackElo "2484"]
[PlyCount "96"]

1. d4 Nf6 2. c4 g6 3. Nc3 Bg7 4. e4 d6 5. Nf3 Bg4 6. Be2 O-O 7. Be3 Nc6 8. O-O
Qe8 9. Qb3 Na5 10. Qb4 b6 11. Qb5 Rd8 12. Qxe8 Rfxe8 13. b4 Bxf3 14. gxf3 Nc6
15. b5 Nb8 16. d5 Nbd7 17. a3 Nc5 18. Bxc5 dxc5 19. Rac1 Nh5 20. Rfd1 Kh8 21.
Kf1 Nf4 22. Re1 Rd6 23. Rc2 Bd4 24. Rcc1 Rf6 25. Nd1 Be5 26. Ne3 h5 27. h4 Rd6
28. Ng2 f6 29. Nxf4 Bxf4 30. Rb1 g5 31. hxg5 fxg5 32. Kg2 h4 33. Kh1 Rf6 34.
Rg1 Ra8 35. Bd3 a6 36. e5 Rff8 37. a4 axb5 38. axb5 Ra2 39. Rbf1 Rfa8 40. e6
Rd2 41. Be4 Ra4 42. Ra1 Rxf2 43. Rgc1 Rb4 44. Ra8+ Kg7 45. Rca1 Rh2+ 46. Kg1
Rbb2 47. R8a3 Rbg2+ 48. Kf1 48... h3 {AntonioBanderas resigns} 0-1

[Event "ICS rated blitz match"]
[Site "207.99.83.227"]
[Date "1999.04.18"]
[Round "?"]
[White "Hossa"]
[Black "ColonialPast"]
[Result "1-0"]
[WhiteElo "2486"]
[BlackElo "2203"]
[PlyCount "37"]

1. e4 c6 2. Nc3 d5 3. exd5 cxd5 4. Bb5+ Bd7 5. Bxd7+ Nxd7 6. Nxd5 Ngf6 7. Nxf6+
Nxf6 8. Nf3 e6 9. d4 Bd6 10. Bg5 h6 11. Bxf6 Qxf6 12. O-O O-O-O 13. Qd3 Kb8 14.
Qb5 g5 15. Rfd1 g4 16. Ne5 Qf4 17. g3 Qf5 18. Nc6+ Ka8 19. Qxf5 {
ColonialPast resigns} 1-0

[Event "ICS rated blitz match"]
[Site "207.99.83.227"]
[Date "1999.04.18"]
[Round "?"]
[White "ColonialPast"]
[Black "Hossa"]
[Result "1/2-1/2"]
[WhiteElo "2198"]
[BlackElo "2491"]
[PlyCount "162"]

1. e4 e5 2. Nf3 Nc6 3. Bb5 a6 4. Ba4 Nf6 5. O-O Be7 6. Bxc6 dxc6 7. d3 Bg4 8.
h3 Bxf3 9. Qxf3 O-O 10. Nd2 Qd7 11. Nc4 Qe6 12. Bd2 Rad8 13. Bc3 b5 14. Ne3 Bd6
15. b3 Kh8 16. Ng4 Nxg4 17. Qxg4 Qxg4 18. hxg4 Rfe8 19. a4 b4 20. Bd2 a5 21.
Be3 Re6 22. f3 Kg8 23. Kf2 h6 24. Rad1 c5 25. Rh1 f6 26. Ke2 Kf7 27. g3 Re7 28.
f4 Kg6 29. f5+ Kf7 30. Bf2 c6 31. Be3 Ke8 32. Bf2 Kd7 33. Be3 Rf7 34. Bf2 Kc7
35. Be3 Kb6 36. Bf2 Rfd7 37. Be3 Kb7 38. Bf2 Rg8 39. Be3 Kb6 40. Bf2 Rf8 41.
Be3 Kb7 42. Bf2 Rfd8 43. Be3 Rb8 44. Bf2 Re8 45. Be3 Kc7 46. Bf2 Kb6 47. Be3
Kb7 48. Bf2 Ree7 49. Be3 Kb6 50. Bf2 Rd8 51. Be3 Red7 52. Bf2 Be7 53. Be3 Kc7
54. Bf2 Kb8 55. Be3 Bd6 56. Bf2 Re7 57. Be3 Kc7 58. Bf2 Kb7 59. Be3 Ree8 60.
Bf2 Rh8 61. Be3 Rhf8 62. Bf2 Kb6 63. Be3 Rfe8 64. Bf2 Rg8 65. Be3 Rgf8 66. Bf2
Rf7 67. Be3 Rg8 68. Bf2 Kb7 69. Be3 Rd8 70. Bf2 Rdd7 71. Be3 Kb6 72. Bf2 Rfe7
73. Be3 Kc7 74. Bf2 Kb8 75. Be3 Re8 76. Bf2 Red8 77. Be3 Rf8 78. Bf2 Rff7 79.
Be3 Rd8 80. Bf2 Rff8 81. Be3 81... Kb7 {Game drawn by the 50 move rule} 1/2-1/2

[Event "ICS rated blitz match"]
[Site "207.99.83.227"]
[Date "1999.04.18"]
[Round "?"]
[White "matar"]
[Black "Hossa"]
[Result "1/2-1/2"]
[WhiteElo "2382"]
[BlackElo "2486"]
[PlyCount "56"]

1. e4 e5 2. Nf3 Nc6 3. Bb5 a6 4. Ba4 Nf6 5. Bxc6 dxc6 6. d3 Bc5 7. Nbd2 Ng4 8.
O-O O-O 9. h3 Nxf2 10. Rxf2 Bxf2+ 11. Kxf2 Be6 12. Nf1 f5 13. exf5 Bxf5 14. Ng3
e4 15. Bg5 Qd5 16. dxe4 Bxe4 17. Qxd5+ cxd5 18. c3 Bxf3 19. gxf3 Rae8 20. Be3
Rf6 21. Bd4 Rfe6 22. a4 g6 23. a5 Kf7 24. Rd1 g5 25. Rd2 Kg6 26. Bc5 Re5 27.
Bd4 R5e6 28. Bc5 28... Re5 {Game drawn by mutual agreement} 1/2-1/2

[Event "ICS Rated blitz match"]
[Site "207.99.83.227"]
[Date "1999.04.18"]
[Round "?"]
[White "Hossa"]
[Black "matar"]
[Result "0-1"]
[WhiteElo "2481"]
[BlackElo "2387"]
[Annotator "Crafty v16.6"]
[PlyCount "69"]

{annotating for player ossa  using a scoring margin of +0.10 pawns.  search
time limit is 10.00} 1. e4 1... c5 2. Bc4 e6 3. Nc3 Nc6 4. Nf3 Nf6 5. O-O d5 6.
exd5 exd5 7. Bb5 Bd6 8. Re1+ Be6 9. Ng5 O-O 10. Bxc6 bxc6 11. Nxe6 fxe6 12.
Rxe6 Qd7 13. Qe2 Rae8 14. Rxe8 Rxe8 15. Qf1 Ng4 16. h3 Nh2 17. Qd1 Qe6 18. f4
Bxf4 19. b3 d4 20. Bb2 dxc3 21. Bxc3 Bc7 22. Qh5 Rf8 23. Rb1 Qd6 24. Be5 Qxe5
25. Qxe5 Bxe5 26. Re1 Bg3 27. Rc1 g5 28. a4 g4 29. h4 h5 30. a5 Rf2 31. c4 Rxd2
32. Ra1 Bc7 33. Re1 g3 34. a6 Ng4 35. Kf1 0-1

[Event "ICS rated bullet match"]
[Site "207.99.83.227"]
[Date "1999.04.18"]
[Round "?"]
[White "Hossa"]
[Black "TDChess"]
[Result "0-1"]
[WhiteElo "2431"]
[BlackElo "2476"]
[Annotator "Crafty v16.6"]
[PlyCount "170"]

{annotating for player ossa  using a scoring margin of +0.10 pawns.  search
time limit is 10.00} 1. e4 1... e6 2. Nf3 d5 3. e5 ({8:-0.02} 3. e5 3... Nh6 4.
Bb5+ c6 5. Be2 Bc5 6. Nc3 O-O 7. O-O $10) ({8:+0.89} 3. exd5 3... Qxd5 4. Nc3
Qd6 5. Be2 Nf6 6. Nb5 Qf4 7. O-O $16) 3... g5 4. d4 g4 5. Nfd2 h5 6. h3 Nh6 7.
hxg4 hxg4 8. Nb3 f5 9. exf6 Qxf6 10. Be3 ({7:+0.40} 10. Be3 10... Bd7 11. Nc3
Nc6 12. Bb5 O-O-O 13. Bxh6 $14) ({7:+0.79} 10. Nc3 10... Bd7 11. Bb5 Rg8 12.
Qd2 Nf5 13. Rh7 $16) 10... Bd7 11. Be2 ({8:-0.23} 11. Be2 11... Nf5 12. Rxh8
Qxh8 13. Bf4 Qh1+ 14. Bf1 Bb4+ 15. Bd2 Bb5 16. Bxb4 16... Qxf1+ $10) ({8:+0.43
} 11. Qd2 11... Nc6 12. Bg5 Qg6 13. Bd3 Qg7 14. Nc3 14... Nb4 $14) 11... Nf5
12. Rxh8 Qxh8 13. Bxg4 Qh1+ 14. Kd2 Qxg2 15. Bxf5 exf5 16. Qh5+ Kd8 17. Nc3 Be6
18. Re1 Be7 19. Kc1 Nd7 20. Na5 Rb8 21. Nb5 Nf6 22. Qh8+ Ne8 23. Qh6 Kd7 24.
Nxa7 Ra8 25. Bd2 Qg8 26. Nc8 Bf8 27. Qe3 b6 28. Qe2 Rxc8 29. Qb5+ Ke7 30. Nc6+
Kf6 31. Qe2 Ng7 32. Qe5+ Kf7 33. Bh6 Bd6 34. Qxg7+ Qxg7 35. Bxg7 Kxg7 36. Rxe6
Ra8 37. Kb1 Rh8 38. c3 Rh1+ 39. Kc2 Rh2 40. Re2 f4 41. Ne5 Bxe5 42. dxe5 Kf7
43. Kd3 Ke6 44. c4 Rh3+ 45. Kd2 c6 46. a4 Rh2 47. Kd3 f3 48. Rc2 Kxe5 49. Ke3
d4+ 50. Kxf3 d3 51. Rd2 Kd4 52. c5 bxc5 53. Rd1 Rh7 54. a5 Rb7 55. Rb1 Rb4 56.
Rh1 Rxb2 57. Rh7 Rb8 58. a6 Rf8+ 59. Kg2 d2 60. Rh1 Kc3 61. Ra1 Ra8 62. f4 Rxa6
63. Rxa6 d1=Q 64. Ra3+ Kd4 65. Rf3 Ke4 66. Ra3 Qd2+ 67. Kh3 Qxf4 68. Ra2 Qf3+
69. Kh4 Kf4 70. Ra4+ c4 71. Rxc4+ Qe4 72. Rxe4+ Kxe4 73. Kg4 c5 74. Kg3 Ke3 75.
Kh3 c4 76. Kg4 c3 77. Kf5 c2 78. Ke6 c1=Q 79. Kd7 Kf4 80. Kd6 Ke4 81. Ke6 Qc6+
82. Kf7 Kf5 83. Kg7 Qe8 84. Kh7 Kf6 85. Kh6 Qh8# 0-1

[Event "ICS rated bullet match"]
[Site "207.99.83.227"]
[Date "1999.04.18"]
[Round "?"]
[White "Monopoly"]
[Black "Hossa"]
[Result "1-0"]
[WhiteElo "2638"]
[BlackElo "2417"]
[Annotator "Crafty v16.6"]
[PlyCount "145"]

{annotating for player ossa  using a scoring margin of +0.10 pawns.  search
time limit is 10.00} 1. e4 1... d6 2. d4 Nf6 3. Nc3 Nbd7 4. Nf3 e5 5. Bc4 exd4
6. Nxd4 Be7 7. O-O Ne5 8. Bb3 O-O 9. f4 Ned7 10. h3 Nc5 11. Qf3 Nxb3 12. axb3
Kh8 ({9:+0.40} 12... Kh8 13. Be3 Ne8 14. Nf5 Bf6 15. Qh5 Kg8 16. Bd4 Bxf5 17.
Bxf6 Nxf6 18. Qxf5 $15) ({9:+0.68} 12... Re8 13. Rd1 c6 14. Be3 Qc7 15. f5 Bd7
16. Bg5 16... Qd8 $15) 13. Be3 c5 14. Ndb5 Qb6 15. e5 dxe5 16. fxe5 Nd7 17. Qd5
f6 18. exf6 Nxf6 19. Qe5 Ng8 20. Nc7 Rb8 21. Ne8 Rxe8 22. Qxb8 Bd6 23. Qa8 Qc6
24. Rf3 Bxh3 25. Qxe8 Qxe8 26. Rxh3 a6 27. Rd1 Qg6 28. Bf2 Be7 29. Rhd3 Qf5 30.
Nd5 Bd6 31. Ne3 Bh2+ 32. Kf1 Qf8 33. Rd8 Qe7 34. Rc8 Bc7 35. Nd5 Qe4 36. Rxc7
Qxc2 37. Ke1 Qe4+ 38. Kf1 Qc2 39. Ne3 Qxb3 40. Rdd7 b6 41. Nd1 h5 42. Ke1 Qb4+
43. Kf1 Nf6 44. Rd8+ Kh7 45. Re7 Qf4 46. Kg1 Ng4 47. Rd5 Qf6 48. Red7 Qg6 49.
Bh4 c4 50. R7d6 Qf7 51. Rd7 Qg6 52. Rg5 Qh6 53. Rdd5 Nf6 54. Rd6 a5 55. Rxb6 a4
56. Ne3 a3 57. bxa3 Kh8 58. Nf5 Qh7 59. Rb8+ Qg8 60. Rxg8+ Nxg8 61. Rxh5+ Nh6
62. Nxh6 g6 63. Bf6+ Kh7 64. Rh3 g5 65. Bxg5 Kg7 66. a4 Kg6 67. Rg3 Kg7 68. a5
Kh7 69. a6 Kg6 70. a7 Kh7 71. a8=Q Kg6 72. Qg8+ Kh5 73. Rh3# 1-0

[Event "ICS Rated blitz match"]
[Site "207.99.83.227"]
[Date "1999.04.18"]
[Round "?"]
[White "matar"]
[Black "Hossa"]
[Result "0-1"]
[WhiteElo "2423"]
[BlackElo "2461"]
[PlyCount "53"]

1. e4 d6 2. d4 c5 3. Nf3 cxd4 4. Nxd4 Nf6 5. Nc3 e6 6. Be2 Be7 7. f4 O-O 8. O-O
Qb6 9. Kh1 Nbd7 10. a4 Nc5 11. a5 Qc7 12. Bf3 Bd7 13. g4 Rac8 14. g5 Ne8 15.
Bg2 f6 16. h4 Kh8 17. Be3 Qd8 18. Qe1 e5 19. Nf5 Bxf5 20. exf5 exf4 21. Bxf4
fxg5 22. hxg5 Bxg5 23. Bxg5 Qxg5 24. Nd5 Nf6 25. Ne3 Rce8 26. Ra3 Ng4 27. Nxg4
{matar resigns} 0-1

[Event "ICS rated blitz match"]
[Site "207.99.83.227"]
[Date "1999.04.18"]
[Round "?"]
[White "Hossa"]
[Black "matar"]
[Result "0-1"]
[WhiteElo "2475"]
[BlackElo "2409"]
[Annotator "Crafty v16.6"]
[PlyCount "72"]

{annotating for player ossa  using a scoring margin of +0.10 pawns.  search
time limit is 10.00} 1. e4 1... c5 2. Bc4 e6 3. Nc3 Nc6 4. Nf3 Nf6 5. O-O d5 6.
exd5 exd5 7. Bb5 Bd6 8. Re1+ Be6 9. Ng5 O-O 10. Nxe6 fxe6 11. Rxe6 Qd7 12. Re2
Ng4 13. f3 Nxh2 14. Nxd5 Qf5 15. Bxc6 bxc6 16. Nc3 Qh5 17. Ne4 Ng4 18. g3 Rxf3
19. d4 Bxg3 20. dxc5 Raf8 21. Bg5 Bh2+ 22. Kh1 Bf4+ 23. Kg1 Bxg5 24. Qd4 Be3+
25. Qxe3 Rxe3 26. Rd2 Qg6 27. Nf6+ Rxf6 28. Rg2 Rf4 29. Rc1 Qh5 30. Rd1 Rg3 31.
Rd8+ Kf7 32. Rd7+ Ke6 33. Rd6+ Kf7 34. Rd7+ Ke8 35. Rd8+ Kxd8 36. Rxg3 Qh2# 0-1

[Event "ICS rated blitz match"]
[Site "207.99.83.227"]
[Date "1999.04.18"]
[Round "?"]
[White "Monclus"]
[Black "Hossa"]
[Result "0-1"]
[WhiteElo "2172"]
[BlackElo "2456"]
[PlyCount "58"]

1. e4 d6 2. d4 Nf6 3. Nc3 Nbd7 4. f4 Nb6 5. Nf3 d5 6. e5 Ne4 7. Bd3 Nxc3 8.
bxc3 Bg4 9. O-O e6 10. h3 Bxf3 11. Qxf3 Be7 12. a4 O-O 13. a5 Nd7 14. f5 Nb8
15. f6 gxf6 16. exf6 Bxf6 17. Qh5 Bxd4+ 18. cxd4 f5 19. Bf4 Nc6 20. Rf3 Qf6 21.
c3 Nxd4 22. cxd4 Qxd4+ 23. Kh2 Qxa1 24. Qg5+ Qg7 25. Qh4 Kh8 26. Rg3 Qd4 27.
Rg6 e5 28. Bg5 Qxh4 29. Bxh4 29... hxg6 {Monclus resigns} 0-1

[Event "ICS rated blitz match"]
[Site "207.99.83.227"]
[Date "1999.04.18"]
[Round "?"]
[White "Hossa"]
[Black "Monclus"]
[Result "1-0"]
[WhiteElo "2461"]
[BlackElo "2167"]
[PlyCount "75"]

1. e4 e6 2. Nf3 d5 3. exd5 exd5 4. d4 Nf6 5. Bb5+ c6 6. Bd3 Bg4 7. O-O Be7 8.
Re1 O-O 9. Bf4 h6 10. Nbd2 Na6 11. Bxa6 bxa6 12. Qe2 Re8 13. Qxa6 Bd6 14. Rxe8+
Nxe8 15. Bxd6 Qxd6 16. Ne5 Bd7 17. Qb7 Rd8 18. Qxa7 f6 19. Qa5 Rb8 20. Nxd7
Qxd7 21. Qc3 Nd6 22. Re1 Kf7 23. Nb3 Re8 24. Nc5 Qg4 25. Rxe8 Kxe8 26. f3 Qc8
27. a4 Kf7 28. b3 Qe8 29. Qd2 Nf5 30. Kh1 h5 31. a5 h4 32. c3 Qb8 33. Qe2 Qc8
34. Qe6+ Qxe6 35. Nxe6 Kxe6 36. a6 c5 37. dxc5 d4 38. a7 {Monclus resigns} 1-0

[Event "ICS rated blitz match"]
[Site "207.99.83.227"]
[Date "1999.04.18"]
[Round "?"]
[White "Monclus"]
[Black "Hossa"]
[Result "0-1"]
[WhiteElo "2162"]
[BlackElo "2466"]
[PlyCount "58"]

1. e4 e5 2. Nf3 Nc6 3. h3 Nf6 4. Bc4 Nxe4 5. Qe2 d5 6. Bb5 Bc5 7. d4 exd4 8. c4
d3 9. Qxd3 Bxf2+ 10. Kf1 O-O 11. cxd5 Bf5 12. Qb3 Ne7 13. Bg5 Ng3+ 14. Kxf2
Nxh1+ 15. Kg1 Ng3 16. Nc3 Qd6 17. Re1 Ng6 18. Qc4 a6 19. Ba4 b5 20. Bxb5 axb5
21. Qxb5 Rab8 22. Qc6 Qxc6 23. dxc6 Rxb2 24. h4 Rc2 25. Nd5 Be4 26. Rxe4 Nxe4
27. h5 Nxg5 28. Nxg5 Nh4 29. g3 29... Rb8 {Monclus resigns} 0-1

[Event "ICS rated blitz match"]
[Site "207.99.83.227"]
[Date "1999.04.18"]
[Round "?"]
[White "Hossa"]
[Black "Rufsetufs"]
[Result "1-0"]
[WhiteElo "2471"]
[BlackElo "2060"]
[PlyCount "65"]

1. e4 c5 2. Bc4 e6 3. Nc3 a6 4. a4 Nc6 5. d3 g6 6. f4 Bg7 7. Nf3 Nge7 8. O-O d5
9. Ba2 O-O 10. Qe1 b5 11. exd5 exd5 12. axb5 axb5 13. Be3 Rxa2 14. Nxa2 Bxb2
15. Rb1 Bg7 16. Bxc5 Re8 17. Rxb5 Nf5 18. Qd2 d4 19. Re1 Ne3 20. c3 Bg4 21. Ng5
h6 22. Ne4 Nd5 23. c4 Ne3 24. Qf2 Bf5 25. Nd6 Re6 26. Nxf5 gxf5 27. Kh1 Ng4 28.
Qg3 Re3 29. Rxe3 dxe3 30. Nc1 Nd4 31. Bb6 Qe7 32. Bxd4 Bxd4 33. Rxf5 {
Rufsetufs resigns} 1-0

[Event "ICS rated blitz match"]
[Site "207.99.83.227"]
[Date "1999.04.18"]
[Round "?"]
[White "ColonialPast"]
[Black "Hossa"]
[Result "0-1"]
[WhiteElo "2203"]
[BlackElo "2474"]
[PlyCount "48"]

1. e4 d6 2. d4 Nf6 3. Nc3 Nbd7 4. Nf3 e5 5. dxe5 dxe5 6. h3 Bb4 7. Bc4 Bxc3+ 8.
bxc3 Qe7 9. O-O Nxe4 10. Re1 Nd6 11. Bb3 e4 12. Bg5 Nf6 13. Nd4 O-O 14. Ne2 Rd8
15. Qc1 Qe5 16. Bf4 Qe8 17. Bg5 c5 18. Bxf6 gxf6 19. Bd5 Qe5 20. c4 Be6 21. Rd1
Rd7 22. Rb1 Rad8 23. Nf4 Nxc4 24. Nxe6 24... fxe6 {ColonialPast resigns} 0-1

[Event "ICS rated blitz match"]
[Site "207.99.83.227"]
[Date "1999.04.18"]
[Round "?"]
[White "Hossa"]
[Black "ColonialPast"]
[Result "1-0"]
[WhiteElo "2480"]
[BlackElo "2197"]
[PlyCount "23"]

1. e4 c6 2. Nc3 d5 3. exd5 cxd5 4. Bb5+ Bd7 5. Bxd7+ Qxd7 6. Nf3 g6 7. Ne5 Qe6
8. d4 Nc6 9. Nb5 O-O-O 10. Be3 a6 11. Nxc6 Qxc6 12. Na7+ {ColonialPast resigns}
1-0

[Event "ICS Rated blitz match"]
[Site "207.99.83.227"]
[Date "1999.04.18"]
[Round "?"]
[White "ColonialPast"]
[Black "Hossa"]
[Result "0-1"]
[WhiteElo "2192"]
[BlackElo "2485"]
[PlyCount "62"]

1. e4 c5 2. Nf3 Nc6 3. d4 cxd4 4. Nxd4 Qb6 5. Nxc6 bxc6 6. Bd3 g6 7. O-O Bg7 8.
Nc3 d6 9. Na4 Qa5 10. c3 Nf6 11. Bd2 O-O 12. c4 Qe5 13. Bc3 Qf4 14. g3 Qh6 15.
Qc1 Qh3 16. f3 Rb8 17. Rf2 Bh6 18. Qc2 Be3 19. Re1 Bxf2+ 20. Qxf2 Rb7 21. b3
Ne8 22. Qd4 e5 23. Qe3 f5 24. Bf1 Qh5 25. Be2 f4 26. Qf2 fxg3 27. hxg3 Re7 28.
g4 Qg5 29. Qg3 h5 30. Qg2 hxg4 31. fxg4 31... Qe3+ {ColonialPast resigns} 0-1

[Event "ICS Rated blitz match"]
[Site "207.99.83.227"]
[Date "1999.04.18"]
[Round "?"]
[White "Hossa"]
[Black "ColonialPast"]
[Result "1-0"]
[WhiteElo "2490"]
[BlackElo "2187"]
[PlyCount "75"]

1. e4 c6 2. Nc3 d5 3. exd5 cxd5 4. Bb5+ Bd7 5. Bxd7+ Qxd7 6. Nf3 Nf6 7. d3 Nc6
8. Bg5 Qe6+ 9. Ne2 h6 10. Be3 g6 11. Nfd4 Nxd4 12. Nxd4 Qd7 13. O-O Bg7 14. Qf3
O-O 15. Rae1 e6 16. Bxh6 Bxh6 17. Qxf6 Bg7 18. Qf4 Qa4 19. Nxe6 Qxf4 20. Nxf4
Bxb2 21. Rb1 Be5 22. Nxd5 b6 23. c3 Rfd8 24. Ne7+ Kg7 25. Nc6 Re8 26. Nxe5 Rxe5
27. Rb2 Rc8 28. Rc2 Rec5 29. Rfc1 b5 30. Kh1 a5 31. g3 b4 32. c4 Rd8 33. Rd1
Rd4 34. h4 a4 35. Kg2 b3 36. axb3 axb3 37. Rc3 b2 38. Rb1 {ColonialPast resigns
} 1-0

[Event "ICS rated blitz match"]
[Site "207.99.83.227"]
[Date "1999.04.18"]
[Round "?"]
[White "ColonialPast"]
[Black "Hossa"]
[Result "0-1"]
[WhiteElo "2182"]
[BlackElo "2495"]
[PlyCount "62"]

1. e4 d6 2. d4 c5 3. dxc5 Qa5+ 4. Nc3 Qxc5 5. Nf3 Nc6 6. Bd3 Bg4 7. h3 Bxf3 8.
Qxf3 Ne5 9. Qe2 Nf6 10. O-O Nxd3 11. cxd3 e6 12. Be3 Qa5 13. f4 Be7 14. f5 e5
15. a3 O-O 16. b4 Qa6 17. g4 Rac8 18. Rfc1 Rc7 19. g5 Rxc3 20. Rxc3 Nxe4 21.
Rc7 Bxg5 22. Bxg5 Nxg5 23. Kh2 e4 24. Qe3 Qb5 25. Qxg5 Qe5+ 26. Qg3 Qb2+ 27.
Qg2 Qxa1 28. dxe4 Qe5+ 29. Kh1 d5 30. Rxb7 Rc8 31. Qd2 31... Qxe4+ {
ColonialPast resigns} 0-1

[Event "ICS rated blitz match"]
[Site "207.99.83.227"]
[Date "1999.04.18"]
[Round "?"]
[White "Hossa"]
[Black "ColonialPast"]
[Result "1-0"]
[WhiteElo "2500"]
[BlackElo "2177"]
[PlyCount "65"]

1. e4 c6 2. Nc3 d5 3. exd5 cxd5 4. Bb5+ Nc6 5. Nf3 a6 6. Bxc6+ bxc6 7. O-O Bg4
8. d3 e6 9. h3 Bh5 10. Be3 Nf6 11. Na4 Bd6 12. c4 O-O 13. c5 Bc7 14. Rc1 e5 15.
Nb6 Rb8 16. Na4 e4 17. dxe4 Nxe4 18. Nb6 Qf6 19. Nd7 Qf5 20. Nxb8 Rxb8 21. b3
Qc8 22. Rc2 Rb7 23. Qe2 Bb8 24. Re1 Qc7 25. g4 Bg6 26. Qxa6 Ra7 27. Qb6 Qc8 28.
Nd4 Rb7 29. Qxc6 Rc7 30. Qxd5 Rd7 31. Qc4 Qc7 32. Nf3 h5 33. gxh5 {
ColonialPast resigns} 1-0

[Event "ICS rated blitz match"]
[Site "207.99.83.227"]
[Date "1999.04.18"]
[Round "?"]
[White "Hossa"]
[Black "ColonialPast"]
[Result "1-0"]
[WhiteElo "2508"]
[BlackElo "2169"]
[PlyCount "77"]

1. e4 c6 2. Nc3 d5 3. exd5 cxd5 4. Bb5+ Bd7 5. Bxd7+ Qxd7 6. Nf3 Nf6 7. d3 h6
8. Be3 Nc6 9. Bd4 Nxd4 10. Nxd4 e6 11. O-O a6 12. Qf3 Bb4 13. Nce2 O-O 14. c3
Bd6 15. Rae1 Qc7 16. Kh1 b5 17. Qh3 Rfe8 18. Qh4 b4 19. cxb4 Be7 20. Rc1 Qd6
21. Nc6 Bf8 22. Rc2 Nd7 23. Ned4 Ne5 24. Qh3 Ng6 25. Rfc1 Qf4 26. Kg1 Ne5 27.
Nxe5 Qxe5 28. Nc6 Qf4 29. d4 g5 30. Qg3 Qxg3 31. fxg3 Bg7 32. Rf1 Rf8 33. Kh1
Kh7 34. Rf3 Rac8 35. Ra3 Bxd4 36. Nxd4 Rxc2 37. Nxc2 Rc8 38. Rc3 Rb8 39. Rc6 {
ColonialPast resigns} 1-0

[Event "ICS rated blitz match"]
[Site "207.99.83.227"]
[Date "1999.04.18"]
[Round "?"]
[White "ColonialPast"]
[Black "Hossa"]
[Result "0-1"]
[WhiteElo "2165"]
[BlackElo "2512"]
[PlyCount "54"]

1. e4 d6 2. d4 Nf6 3. Nc3 Nbd7 4. Nf3 e5 5. dxe5 dxe5 6. a3 Bd6 7. Bg5 O-O 8.
Bd3 c6 9. h3 Nc5 10. Bc4 Qe7 11. Qe2 Rd8 12. O-O b5 13. Ba2 Ba6 14. b4 Ne6 15.
Bh4 Nf4 16. Qe1 c5 17. g3 cxb4 18. gxf4 bxc3 19. fxe5 Bxe5 20. Nxe5 Qxe5 21. f3
Rd2 22. Bg3 Qh5 23. Rf2 Qxh3 24. Rxd2 cxd2 25. Qf2 Rc8 26. Bb3 Rc3 27. Rd1
27... Nxe4 {ColonialPast resigns} 0-1

[Event "ICS rated blitz match"]
[Site "207.99.83.227"]
[Date "1999.04.18"]
[Round "?"]
[White "Hossa"]
[Black "ColonialPast"]
[Result "1-0"]
[WhiteElo "2516"]
[BlackElo "2161"]
[PlyCount "71"]

1. e4 c6 2. Nc3 d5 3. exd5 cxd5 4. Bb5+ Bd7 5. Bxd7+ Qxd7 6. Nf3 Nc6 7. d3 e6
8. O-O a6 9. Na4 Qc7 10. Be3 Bd6 11. Bb6 Qe7 12. c4 Nf6 13. Qd2 h6 14. Nc3 dxc4
15. dxc4 Bc5 16. Bxc5 Qxc5 17. Qe2 O-O 18. Rad1 Rfd8 19. Ne4 Nxe4 20. Qxe4 Qb6
21. Qe2 Rxd1 22. Rxd1 Rd8 23. Rxd8+ Qxd8 24. Qe1 Qd3 25. b3 Qc2 26. Qd2 Qxd2
27. Nxd2 Nb4 28. a4 Kf8 29. Ne4 b6 30. Nd6 Nc2 31. Nc8 Nd4 32. b4 b5 33. cxb5
axb5 34. a5 Ne2+ 35. Kf1 Nc3 36. Nb6 {ColonialPast resigns} 1-0

[Event "ICS rated blitz match"]
[Site "207.99.83.227"]
[Date "1999.04.18"]
[Round "?"]
[White "ColonialPast"]
[Black "Hossa"]
[Result "0-1"]
[WhiteElo "2157"]
[BlackElo "2520"]
[PlyCount "84"]

1. e4 d6 2. d4 c5 3. dxc5 Qa5+ 4. Nc3 Qxc5 5. Nf3 Nc6 6. Bb5 Nf6 7. Qd4 Qxd4 8.
Nxd4 Bd7 9. Nxc6 bxc6 10. Bc4 Nxe4 11. Nxe4 d5 12. Bd3 dxe4 13. Bxe4 e5 14. O-O
Bc5 15. Be3 Bxe3 16. fxe3 Rb8 17. b3 a5 18. a3 O-O 19. Rad1 Rfd8 20. Rd6 Be8
21. Rfd1 Rxd6 22. Rxd6 Kf8 23. Bxc6 Rb6 24. Bxe8 Rxd6 25. Bb5 Rd1+ 26. Kf2 Rd2+
27. Kf3 Rxc2 28. h3 Ra2 29. a4 h5 30. g4 Rh2 31. Kg3 Rb2 32. Bc4 hxg4 33. hxg4
f6 34. Kf3 Ke7 35. Ke4 Kd6 36. Kf5 Rg2 37. Bf7 Rg3 38. e4 Ke7 39. Bd5 g5 40.
Bg8 Rf3+ 41. Kg6 Rf4 42. Bd5 42... Rxg4 {ColonialPast resigns} 0-1

[Event "ICS rated blitz match"]
[Site "207.99.83.227"]
[Date "1999.04.18"]
[Round "?"]
[White "Hossa"]
[Black "ColonialPast"]
[Result "1-0"]
[WhiteElo "2524"]
[BlackElo "2153"]
[PlyCount "95"]

1. e4 c6 2. Nc3 d5 3. exd5 cxd5 4. Bb5+ Bd7 5. Bxd7+ Qxd7 6. Nf3 e6 7. O-O Nf6
8. d3 Be7 9. Ne5 Qd8 10. Bg5 Nbd7 11. Nxd7 Nxd7 12. Bxe7 Qxe7 13. Nxd5 exd5 14.
Re1 Ne5 15. Qh5 O-O 16. Qxe5 Qd7 17. Qd4 Rfe8 18. c4 b6 19. Qxd5 Qxd5 20. Rxe8+
Rxe8 21. cxd5 Kf8 22. d4 Rd8 23. Rd1 Rxd5 24. f4 Ke7 25. Kf2 Kd6 26. Ke3 Rh5
27. h3 Rh6 28. Kd3 Rf6 29. g3 Rh6 30. h4 Rg6 31. Rg1 h5 32. Kc4 a6 33. a4 Re6
34. Rc1 Re3 35. Rc3 Re2 36. Rb3 Kc6 37. d5+ Kc7 38. Kd3 Re1 39. Kd4 Rd1+ 40.
Ke4 f6 41. Rc3+ Kd7 42. Rc6 b5 43. Rxa6 bxa4 44. Rxa4 Re1+ 45. Kd4 Rd1+ 46. Kc5
Rc1+ 47. Rc4 Rd1 48. Rc3 {ColonialPast resigns} 1-0